00545 2200193 4500001002100000005001500021035002000036007000300056008004100059020002200100100001800122245003700140250001100177260004600188300004600234650001100280700003700291600002300328INLIS00000000000064220221128010023 a0010-1122000236ta221128 b 0 ind  a978-623-6887-06-60 aPoppi Rosepti1 aAllah Maha Kaya /cPoppi Rosepti aCet. I aJakarta :bIhsan Kids,cTangerang Selatan a24 halaman :bilustrasi berwarna ;c21 cm 4aTauhid0 aAyu Raditya Mulyadi (ilustrator) 4aBacaan Anak Muslim